[路線図付き] 東京臨海新交通 ゆりかもめ 駅名穴埋めクイズ - Statistics

General Stats
  • This quiz has been taken 1,621 times
    1,615 since last reset
  • The average score is 11 of 16
Answers on the Map
Answers color-coded by a green-red scale on the quiz's map according to % correct below.
 
Answer Stats
Answer % Correct
ゆりかもめ U01 新橋
98%
ゆりかもめ U16 豊洲
92%
ゆりかもめ U02 汐留
87%
ゆりかもめ U12 有明
82%
ゆりかもめ U07 台場
81%
ゆりかもめ U06 お台場海浜公園
75%
ゆりかもめ U13 有明テニスの森
74%
ゆりかもめ U15 新豊洲
68%
ゆりかもめ U11 東京ビッグサイト
67%
ゆりかもめ U14 市場前
62%
ゆりかもめ U04 日の出
61%
ゆりかもめ U09 テレコムセンター
60%
ゆりかもめ U03 竹芝
59%
ゆりかもめ U05 芝浦ふ頭
59%
ゆりかもめ U10 青海
58%
ゆりかもめ U08 東京国際 クルーズターミナル
51%
No matching quizzes found
Score Distribution
Percent of People with Each Score
Percentile by Number Answered
Your Score History
You have not taken this quiz since the last reset